| 000 | 00751nam a22002411 4500 | ||
|---|---|---|---|
| 999 |
_c567 _d567 |
||
| 001 | 4532749 | ||
| 003 | GZU | ||
| 005 | 20200907142729.0 | ||
| 008 | 730313s1965 nyuabc b 000 0 eng | ||
| 010 | _a 65021072 | ||
| 040 |
_aDLC _cDLC _dDLC |
||
| 043 | _afb----- | ||
| 050 | 0 | 0 |
_aDT351 _b.ROT 1965 |
| 100 | 1 |
_aRotberg, Robert I. _eauthor |
|
| 245 | 1 | 2 |
_aA political history of tropical Africa _c[by] Robert I. Rotberg. |
| 260 |
_aNew York, _bHarcourt, Brace & World _c[1965] |
||
| 300 |
_axvi, 440 p. _billus., ports., maps. _c24 cm. |
||
| 500 | _aBibliography: p. 373-421. | ||
| 504 | _aBibliography: p. 373-421. | ||
| 651 | 0 |
_aAfrica, Sub-Saharan _xHistory. |
|
| 906 |
_a7 _bcbc _corignew _du _eocip _f19 _gy-gencatlg |
||
| 942 |
_2lcc _cBK _h351 _iROT _kDT |
||